000 00479nam a22001217a 4500
082 _a923 HUN
100 _aODHAMS
_959229
245 _a100 GREAT LIVES
260 _aUSA
_bTHE HAMLYN PUBLISHING
_c1969
300 _a768P
650 _aBIOGRAPHY-SCIENTISTS BIOGRAPHY-INVENTORS BIOGRAPHY-WRITERS AND POETS BIOGRAPHY-LEADERS AND REFORMERS BIOGRAPHY-ARTISTS AND MUSICIANS BIOGRAPHY-GREAT WOMEN BIOGRAPHY-DISCOVERERS AND EXPLORERS BIOGRAPHY-SOLDIERS AND STATESMEN
_979447
942 _cBK
999 _c584487
_d584487